| 000 | 01510nam a2200385Ia 4500 | ||
|---|---|---|---|
| 001 | ebr10436213 | ||
| 003 | CaPaEBR | ||
| 006 | m u | ||
| 007 | cr cn||||||||| | ||
| 008 | 970320s1997 iaua sb s000 0deng d | ||
| 010 | _z 97010556 | ||
| 020 | _z9780877457428 | ||
| 020 | _z0877455961 (cloth : alk. paper) | ||
| 020 | _z087745597X (paper : alk. paper) | ||
| 040 |
_aCaPaEBR _cCaPaEBR |
||
| 035 | _a(OCoLC)44960515 | ||
| 050 | 1 | 4 |
_aF629.K25 _bD39 1997eb |
| 082 | 0 | 4 |
_a977.7/923 _221 |
| 100 | 1 |
_aDavis, Martha Moore, _d1951- |
|
| 245 | 1 | 0 |
_aSarah's seasons _h[electronic resource] : _ban Amish diary & conversation / _cby Martha Moore Davis. |
| 260 |
_aIowa City : _bUniversity of Iowa Press, _cc1997. |
||
| 300 |
_ax, 179, [2] p. : _bill. |
||
| 490 | 1 | _aA Bur oak original | |
| 504 | _aIncludes bibliographical references (p. [181]). | ||
| 533 |
_aElectronic reproduction. _bPalo Alto, Calif. : _cebrary, _d2011. _nAvailable via World Wide Web. _nAccess may be limited to ebrary affiliated libraries. |
||
| 600 | 1 | 0 |
_aFisher, Sarah _vDiaries. |
| 650 | 0 |
_aAmish _zIowa _zKalona Region _vDiaries. |
|
| 650 | 0 |
_aAmish women _zIowa _zKalona Region _vDiaries. |
|
| 651 | 0 |
_aKalona Region (Iowa) _xSocial life and customs. |
|
| 655 | 7 |
_aElectronic books. _2local |
|
| 700 | 1 | _aFisher, Sarah. | |
| 710 | 2 | _aebrary, Inc. | |
| 830 | 0 | _aBur oak original. | |
| 856 | 4 | 0 |
_uhttp://site.ebrary.com/lib/rucke/Doc?id=10436213 _zAn electronic book accessible through the World Wide Web; click to view |
| 999 |
_c148117 _d148117 |
||